| 000 | 00541am a2200205a 44500 | ||
|---|---|---|---|
| 005 | 20160718114529.0 | ||
| 008 | 150604b xxu||||| |||| 00| 0 spa d | ||
| 041 | _aEspañol | ||
| 082 |
_a004.67 _bM657a |
||
| 100 |
_aMillhollon, Mary _912107 |
||
| 245 | _aAvanza creacion de páginas Web | ||
| 260 |
_aEspaña _bMcGraw-Hill _c2002 |
||
| 300 | _a363 páginas | ||
| 650 |
_aPAGINAS WEB _95529 |
||
| 650 |
_aDISEÑO DE PAGINAS _96643 |
||
| 650 |
_aGRAFICOS _93597 |
||
| 650 |
_aWORD 2002 _912108 |
||
| 650 |
_aFRONTPAGE _910597 |
||
| 942 | _cBK | ||
| 999 |
_c1169 _d1169 |
||